00458nam a2200145 a 45000010005000000030005000050050017000100080041000270400020000681000031000882450104001192600033002233000019002566500037002755919CDMR20131009133614.0130220s1968||||||||||||||||||||||||||||d aCDMRbcatcCDMR1 aZarraluqui Villalba, Julio10aCuatro redacciones y una guerrab: la vida y la época de un periodistacJulio Zarraluqui Villalba aBarcelonac1968bFerrer Coll a176 p ;c16 cm aPeriodistes catalansvBiografies